书目信息 |
| 题名: |
中草药家庭治疗
|
|
| 作者: | 黄素英 编著 | |
| 分册: | 妇科病 | |
| 出版信息: | 上海 上海远东出版社 2000 |
|
| 页数: | 215页 | |
| 开本: | 19cm | |
| 丛书名: | 东方保健系列 | |
| 单 册: | ||
| 中图分类: | R243 , R271.1 | |
| 科图分类: | ||
| 主题词: | 常见病--中药疗法 , 妇科病--中药疗法 , 常见病 , 中药疗法 , 妇科病 | |
| 电子资源: | ||
| ISBN: | 7-80661-231-9 | |
| 000 | 00880oam2 2200301 450 | |
| 001 | 1574991047 | |
| 005 | 20150129205017.93 | |
| 010 | @a7-80661-231-9@dCNY8.00 | |
| 100 | @a20010308d2000 em y0chiy0110 ea | |
| 101 | 0 | @achi |
| 102 | @aCN@b310000 | |
| 105 | @ay z 000yy | |
| 200 | 1 | @a中草药家庭治疗@9zhong cao yao jia ting zhi liao@i妇科病@f黄素英编著 |
| 210 | @a上海@c上海远东出版社@d2000 | |
| 215 | @a215页@d19cm | |
| 225 | 2 | @a东方保健系列 |
| 330 | @a本书内容包括:月经先期、月经过少、闭经、外阴瘙痒症、习惯性流产、产后小便异常、回乳、子宫肌瘤等。 | |
| 461 | 0 | @12001 @a东方保健系列 |
| 606 | 0 | @a常见病@x中药疗法 |
| 606 | 0 | @a妇科病@x中药疗法 |
| 606 | 0 | @a常见病 |
| 606 | 0 | @a中药疗法 |
| 606 | 0 | @a妇科病 |
| 690 | @aR243@v5 | |
| 690 | @aR271.1@v5 | |
| 701 | 0 | @a黄素英@9huang su ying@4编著 |
| 801 | 0 | @aCN@bTSSF@c20150129 |
| 905 | @aZUCC@dR243@eJY61 | |
| 中草药家庭治疗.妇科病/黄素英编著.-上海:上海远东出版社,2000 |
| 215页;19cm.-(东方保健系列) |
| ISBN 7-80661-231-9:CNY8.00 |
| 本书内容包括:月经先期、月经过少、闭经、外阴瘙痒症、习惯性流产、产后小便异常、回乳、子宫肌瘤等。 |
| ● |
| 相关链接 |
|
|
|
|
正题名:中草药家庭治疗
索取号:R243/JY61
 
预约/预借
| 序号 | 登录号 | 条形码 | 馆藏地/架位号 | 状态 | 备注 |
| 1 | 7861570 | 278615704 | 学院路分馆/ [索取号:R243/JY61] | 在馆 | |
| 2 | 7861571 | 278615713 | 学院路分馆/ [索取号:R243/JY61] | 在馆 | |
| 3 | 7861572 | 278615722 | 学院路分馆/ [索取号:R243/JY61] | 在馆 |